• 首页
  • 本馆介绍
  • 公告通知
  • 最新文献
  • 馆藏检索
  • 电子资源
  • 读者导购
  • 参考咨询
  • 我的图书馆
  • 登录
  • 详细信息显示
  • 放入我的书架
  • 预约/预借图书
  • 作者相关作品
  • 分类相关作品
  • 丛书相关作品
  • 出版社相关作品

书目信息

  • 表格格式
  • 工作单格式
  • 卡片格式
题名:
康有为
    
 
作者: 朱义禄 著
分册:  
出版信息: 西安   陕西师范大学出版总社  2017
页数: 152页
开本: 24cm
丛书名: “大家精要”丛书
单 册:
中图分类: B258.5
科图分类:
主题词:
电子资源:
ISBN: 978-7-5613-9116-7
000 00874oam2 2200253 450
001 2188
005 20180522171947.06
010    @a978-7-5613-9116-7@dCNY20.00
100    @a20180217d2017 em y0chiy50 ea
101 0  @achi
102    @aCN@b610000
105    @ay z 000yd
200 1  @a康有为@9kang you wei@f朱义禄著
210    @a西安@c陕西师范大学出版总社@d2017
215    @a152页@d24cm
225 1  @a“大家精要”丛书@i中国人物@i近现代
330    @a本书介绍了近代维新派领袖、思想家康有为的生平和思想,时间跨度上由少年至晚年。全书共分8章,内容包括改革意识付言行、激荡神州维新潮、浪迹海外誓保皇、环球之旅察政治等。
461  0 @12001 @a“大家精要”丛书
462  0 @12001 @a中国人物@a近现代
600  0 @a康有为@f(1858-1927)@x人物研究
690    @aB258.5@v5
701  0 @a朱义禄@9zhu yi lu@f(1942~)@4著
801  0 @aCN@b91MARC@c20180217
905    @aMuseLib@dB258.5@e87
    
    康有为/朱义禄著.-西安:陕西师范大学出版总社,2017
    152页;24cm.-(“大家精要”丛书.中国人物.近现代)
    
    
    ISBN 978-7-5613-9116-7:CNY20.00
    本书介绍了近代维新派领袖、思想家康有为的生平和思想,时间跨度上由少年至晚年。全书共分8章,内容包括改革意识付言行、激荡神州维新潮、浪迹海外誓保皇、环球之旅察政治等。
●
相关链接 在E读中查询图书 在五车中查询图书 在当当中查询图书 在豆瓣中查询图书


正题名:康有为     索取号:B258.5/87         预约/预借

序号 登录号 条形码 馆藏地/架位号 状态 备注
1 1108309   211083094   第一样本阅览室/ [索取号:B258.5/87] 在馆    
2 1108310   211083101   教育系资料室/ [索取号:B258.5/87] 在馆    
3 1108311   211083110   教育系资料室/ [索取号:B258.5/87] 在馆    
4 1108312   211083129   第一借阅区/ [索取号:B258.5/87] 在馆    
唐山师范学院图书馆 欢迎您!
大连网信软件有限公司© 版权所有